Statistics for Pucks Speech, A Midsummer Night's Dream

Click here to take the quiz!

General Stats

  • This quiz has been taken 12 times
  • The average score is 45 of 94

Answer Stats

Answer % Correct
an
100%
I
100%
a
100%
and
100%
the
90%
we
90%
if
80%
you
80%
to
80%
me
80%
your
80%
no
80%
that
70%
is
70%
will
70%
not
70%
this
70%
night
70%
do
70%
be
70%
shall
60%
all
60%
here
50%
am
50%
as
50%
dream
50%
have
50%
now
40%
think
40%
but
40%
hands
40%
puck
40%
Puck
40%
make
40%
these
40%
so
30%
good
30%
more
30%
give
30%
friends
30%
shadows
20%
did
20%
amends
20%
offended
20%
else
10%
long
10%
liar
10%
ere
10%
call
10%
mend
10%
restore
10%
idle
10%
mended
10%
slumbered
10%
while
10%
visions
10%
appear
10%
weak
10%
theme
10%
yielding
10%
pardon
10%
honest
10%
serpent's
0%
unto
0%
gentles
0%
reprehend
0%
unearned
0%
luck
0%
Robin
0%
'scape
0%
tongue
0%

Score Distribution

Percentile by Number Answered

Percent of People with Each Score

Your Score History

You have not taken this quiz